LEADER 01911nam a2200397 u 4500 001 000000028114 003 CaOOAMICUS 005 20070226111750.0 008 941013m19791981it u000 u ita u 035 $a10730071 040 $aPUL(R)$bita 041 1 $aita$hger 100 1 $aLortz, Joseph,$d1887-1975.$0(OLS)http://pul/name/18690 240 10$aReformation in Deutschland.$lItaliano.$0(OLS)http://pul/title/38405 245 13$aLa riforma in Germania /$cJoseph Lortz ; per l'edizione italiana revisione a cura di Boris Ulianich. 260 $aMilano :$bJaca Book,$c1981. 300 $a2 v. ;$c24 cm 490 1 $aGià e non ancora ;$v53, 73 500 $aComprende indici. 504 $a"Appendice bibliografica": p. 375. 505 0 $a1. Premesse, inizio, primi risultati -- 2. Costituzione dei fronti -- Tentativi di unione. Divisione definitiva. 650 4$aRiforma$zGermania.$0(OLS)http://pul/subject/2837 651 4$aGermania$xStoria ecclesiastica$ySec. XVII.$0(OLS)http://pul/subject/16228 700 1 $aUlianich, Boris.$0(OLS)http://pul/name/22903 830 0$aGià e non ancora ;$v53, 73.$0(OLS)http://pul/title/129 850 $aPUL 852 $aPUL$W1$xDP1 Fondo Maccarrone$y58$m1505 C 33$j39087$nBK-PRI$b $qFondi$B39087$CPULBib$Z2$F39087 $H $81 852 $aPUL$W1$xSL Filosofia 1$y2$m99 I 34-35$j39088$nBK-PRI$b $qStampati$B39088$CPULBib$Z2$F39088 $H $81 852 $aPUL$W1$xSL Filosofia 1$y2$m99 I 34-35$j39088$nBK-PRI$b $qStampati$B39089$CPULBib$Z2$F39089 $H $81 941 1 $a8 941 1 $a1 961 $aINV: 01490 -- Fondo Mons. M. Maccarrone 961 $aINV: 47428; 49075. 961 $aINV: 47428; 49075. 996 $6245$aLa riforma in Germania$9(OLS)http://pul/title/38406 996 $6260$aMilano :$bJaca Book$9(OLS)http://pul/publisher/47900 LEADER 01346nam a2200289 u 4500 001 000000042578 003 CaOOAMICUS 005 20120320163834.0 008 990304s1997 it u000 u ita u 020 $a8810101642 035 $a10816178 040 $aPUL(R)$bita 245 00$aVangelo e mondo del lavoro :$bnuovi itinerari per l'evangelizzazione dei lavoratori dipendenti /$ca cura di Gianni Fornero. 260 $aBologna :$bEdizione Dehoniane Bologna,$cc1997. 300 $a218 p. ;$c22 cm 490 1 $aFormazione e vita sociale ;$v14 500 $aIn testa al front.: Pastorale Sociale e del Lavoro. Ufficio nazionale e Ufficio regionale piemontese. 504 $aBibliografia in nota. 650 4$aChiesa e lavoro.$0(OLS)http://pul/subject/18514 830 0$aFormazione e vita sociale ;$v14.$0(OLS)http://pul/title/56831 850 $aPUL 852 $aPUL$W1$xDP1 Cons. Gen., Altre Classi 1$y22$m46 I 56$j57510$nBK-PRI$b $qStampati$B57510$CPULBib$Z2$F57510 $H $81 941 1 $a8 961 $aINV: 79552 996 $6020$a8810101642$9(OLS)http://pul/number/53096 996 $6245$aVangelo e mondo del lavoro :$bnuovi itinerari per l'evangelizzazione dei lavoratori dipendenti$9(OLS)http://pul/title/57456 996 $6260$aBologna :$bEdizione Dehoniane Bologna$9(OLS)http://pul/publisher/60884